Statistics for Easy Trivia

Click here to take the quiz!

General Stats

  • This quiz has been taken 89 times
  • The average score is 8 of 10

Answer Stats

Question Answer % Correct
How many states are in the USA?50
99%
Who is Donald Trump?the president of the USA
99%
Which of these is not a planet in the milky way?Orion
97%
Which school did Harry Potter attend?Hogwarts
97%
What colour are Smurfsblue
96%
Who does Princess Fiona marry?Shrek
93%
Can an ostrich fly on it's own?no
92%
What are the three primary colours?red, yellow and blue
70%
How many wives did Henry viii have?6
54%
Which street number did Sherlock Holmes live at?221b
38%

Score Distribution

Percentile by Number Answered

Percent of People with Each Score

Your Score History

You have not taken this quiz